Métodos cualitativos y cuantitativos en investigación evaluativa /

Sábháilte in:
Sonraí bibleagrafaíochta
Príomhchruthaitheoir: Cook, Thomas D.
Rannpháirtithe: Reichardt, Charles S.
Formáid: Anaithnid
Foilsithe / Cruthaithe: Madrid: Ediciones Morata
Ábhair:
Clibeanna: Cuir clib leis
Níl clibeanna ann, Bí ar an gcéad duine le clib a chur leis an taifead seo!

MARC

LEADER 00000 a2200000 04500
001 18563
003
008 991231s d
040
090 |a 143509  
100 |a Cook, Thomas D.  
245 |a Métodos cualitativos y cuantitativos en investigación evaluativa /  |c Thomas D. Cook 
260 |a Madrid:   |b Ediciones Morata  
300 |a 228 p.  
650 |a METODOLOGIA  
650 |a METODOS DE INVESTIGACION  
650 |a INVESTIGACION  
650 |a ANALISIS DE CONTENIDO  
650 |a ANALISIS DE DATOS  
700 |a Reichardt, Charles S.  
999 |c 17630  |d 17630